Logo BPK

Biblioteka

Politechniki Koszalińskiej

Programowanie liniowe i całkowitoliczbowe : (Rekord nr 19932)

Szczegóły MARC
000 -ETYKIETA REKORDU
podpole kontrolne o stałej długości 00519nam a2200169 i 4500
001 - NUMER KONTROLNY REKORDU
pole kontrolne bg
040 ## - ŹRÓDŁO KATALOGOWANIA
Instytucja, która utworzyła rekord BPK
041 ## - KOD JĘZYKA
Kod języka tekstu pol
008 - POLE O STAŁEJ DŁUGOŚCI - DANE KONTROLNE
podpole kontrolne o stałej długości s pl f |000 0 pol
100 1# - NAZWA OSOBOWA
Nazwa osobowa ZARYCHTA, Krystian
245 #0 - TYTUŁ/ODPOWIEDZIALNOŚĆ
Tytuł Programowanie liniowe i całkowitoliczbowe :
Ciąg dalszy tytułu metoda podziału i ograniczeń /
Pozostałe elementy strefy tytułu i oznaczenia odpowiedzialności K. Zarychta, W. Ogryczak.
260 ## - STREFA ADRESU WYDAWNICZEGO
Miejsce wydania Warszawa,
Data publikacji, dystrybucji/powstania dokumentu 1981.
490 1# - STREFA SERII I DOKUMENTU WIELOCZĘŚCIOWEGO - FORMA NIE DO WYSZUKIWANIA
Tytuł i oznaczenie odpowiedzialności serii Biblioteka Inżynierii Oprogramowania
700 1# - HASŁO DODATKOWE - NAZWA OSOBOWA
Nazwa osobowa OGRYCZAK, Włodzimierz
830 ## - HASŁO DODATKOWE SERII LUB DOKUMENTU WIELOCZĘŚCIOWEGO - TYTUŁ UJEDNOLICONY
Tytuł ujednolicony Biblioteka Inżynierii Oprogramowania
856 ## - LOKALIZACJA I DOSTĘP DO ELEKTRONICZNYCH DOKUMENTÓW ZDALNYCH
Link (URL) http://koha.tu.koszalin.pl/cgi-bin/koha/opac-detail.pl?biblionumber=19932
Tekst linku Katalog online BPK
942 ## - DODATKOWE ELEMENTY (KOHA)
Typ dokumentu Książka
Egzemplarze
Wycofany Status egzemplarza Uszkodzony Dostępność Lokalizacja stała Lokalizacja bieżąca Miejsce przechowywania Sygnatura Kod kreskowy Typ dokumentu
      Dostępny Biblioteka Politechniki Koszalińskiej Biblioteka Politechniki Koszalińskiej Wypożyczalnia BG 28113 01189995 Książka
© 2023 Biblioteka Politechniki Koszalińskiej :: KOHA